书目信息 |
| 题名: |
线性代数
|
|
| 作者: | 洪毅 编 | |
| 分册: | ||
| 出版信息: | 广州 华南理工大学出版社 2005.01 |
|
| 页数: | 147页 | |
| 开本: | 24cm | |
| 丛书名: | 国家工科数学课程教学基地建设系列教材 | |
| 单 册: | ||
| 中图分类: | O152.2 | |
| 科图分类: | ||
| 主题词: | 线性代数--高等学校--教材 | |
| 电子资源: | ||
| ISBN: | 7-5623-2190-6 | |
| 000 | 00975nam 2200253 450 | |
| 001 | 0164854843 | |
| 005 | 20051019144634.90 | |
| 010 | @a7-5623-2190-6@dCNY16.00 | |
| 100 | @a20051019d2005 km y0chiy0120 ea | |
| 101 | 0 | @achi |
| 102 | @aCN@b440000 | |
| 105 | @aa a 000yy | |
| 200 | 1 | @a线性代数@Axian xing dai shu@f洪毅编@Fhong yi bian |
| 210 | @a广州@c华南理工大学出版社@d2005.01 | |
| 215 | @a147页@c图@d24cm | |
| 225 | 2 | @a国家工科数学课程教学基地建设系列教材 |
| 320 | @a有书目。 | |
| 330 | @a本书包括矩阵、行列式、线性方程组、向量空间、特征值与特征向量、二次型、线性空间与线性变换等7章,涵盖了线性代数课程基本要求的内容。本书结构紧凑,叙述简明严格,列举了大量应用例题,编选了大量适合各种层次学生的习题。可作为高等学校工学、经济学和其他专业线。 | |
| 410 | 0 | @12001 @a国家工科数学课程教学基地建设系列教材 |
| 606 | 0 | @a线性代数@x高等学校@j教材 |
| 690 | @aO152.2@v4 | |
| 701 | 0 | @a洪毅@Ahong yi@4编 |
| 801 | 0 | @aCN@bQSSK@c20051019 |
| 905 | @a10447@dO152.2@eH416 | |
| 线性代数/洪毅编.-广州:华南理工大学出版社,2005.01 |
| 147页:图;24cm.-(国家工科数学课程教学基地建设系列教材) |
| ISBN 7-5623-2190-6:CNY16.00 |
| 本书包括矩阵、行列式、线性方程组、向量空间、特征值与特征向量、二次型、线性空间与线性变换等7章,涵盖了线性代数课程基本要求的内容。本书结构紧凑,叙述简明严格,列举了大量应用例题,编选了大量适合各种层次学生的习题。可作为高等学校工学、经济学和其他专业线。 |
| ● |
| 相关链接 |
|
|
|
正题名:线性代数
索取号:O152.2/H416
 
预约/预借
| 序号 | 登录号 | 条形码 | 馆藏地/架位号 | 状态 | 备注 |
| 1 | 575085 | 205750855 | 自科库401/401自科库 42排1列1层/ [索取号:O152.2/H416] | 在馆 | |
| 2 | 575086 | 205750864 | 自科库401/401自科库 42排1列1层/ [索取号:O152.2/H416] | 在馆 | |
| 3 | 575087 | 205750873 | 自科库401/401自科库 42排1列1层/ [索取号:O152.2/H416] | 在馆 |